000 00479nam a22001817a 4500
003 MPLRDC
005 20220104192749.0
008 210129b ||||| |||| 00| 0 eng d
020 _a978-7-122-16789-7
082 _a861.57 DYGW-14
100 _a东野圭吾
245 _a神探伽利略2
_c陆章敏 译
250 _a一版一刷
260 _a中国
_b化学工业出版社
_c2013
300 _b
650 _a日本文学--长篇小说
942 _cBK
_o861.57 DYGW-14
999 _c64870
_d64860